[Event "Pan American-ch Amateur U2000"]
[Site "San Jose"]
[Date "2019.10.??"]
[Round "9"]
[White "Pomarez Soza, Gerley Abraham"]
[Black "Solano Cordero, Jorge"]
[Result "0-1"]
[WhiteElo "1753"]
[BlackElo "1845"]
[PlyCount "90"]
[EventDate "2019.10.23"]
[EventType "swiss"]
[EventRounds "9"]
[EventCountry "CRI"]
[SourceTitle "EXT 2024"]
[Source "ChessBase"]
[SourceDate "2023.10.10"]
[SourceVersion "1"]
[SourceVersionDate "2023.10.10"]
[SourceQuality "1"]

1. e4 e6 2. d4 d5 3. Nc3 Nf6 4. e5 Nfd7 5. f4 c5 6. Nf3 Nc6 7. Bb5 Qb6 8. Bxc6 bxc6 9. 0-0 cxd4 10. Nxd4 c5 11. Nf3 Bb7 12. Ne2 Be7 13. c4 d4 14. Qd3 a5 15. f5 Qc6 16. Bf4 g5 17. Bg3 g4 18. Ne1 Bg5 19. fxe6 fxe6 20. Bf4 Bxf4 21. Nxf4 0-0-0 22. Qe2 Rdg8 23. Ned3 h5 24. a3 a4 25. b4 axb3 26. Rfb1 h4 27. Rxb3 h3 28. Rab1 Ba8 29. Qb2 Kc7 30. Qd2 g3 31. hxg3 Rxg3 32. R1b2 hxg2 33. Nxg2 Rgh3 34. Nde1 Rh1+ 35. Kf2 Rf8+ 36. Ke2 Rff1 37. Rg3 Qe4+ 38. Kd1 Nxe5 39. Qa5+ Kd6 40. Qb6+ Bc6 41. Qb8+ Ke7 42. Rg7+ Nf7 43. Re2 Qd3+ 44. Kc1 Qc3+ 45. Kd1 Ba4+ 0-1

[Event "Managua Ramirez de Arellano Memorial"]
[Site "Managua"]
[Date "2019.07.14"]
[Round "2"]
[White "Castillo, Rommel"]
[Black "Pomarez Soza, Gerley Abraham"]
[Result "1-0"]
[WhiteElo "2053"]
[BlackElo "1745"]
[PlyCount "84"]
[EventDate "2019.07.13"]
[EventType "swiss"]
[EventRounds "9"]
[EventCountry "NCA"]
[SourceTitle "EXT 2020"]
[Source "ChessBase"]
[SourceDate "2019.10.17"]
[SourceVersion "1"]
[SourceVersionDate "2019.10.17"]
[SourceQuality "1"]

1. c4 e5 2. Nc3 f5 3. Nf3 Nc6 4. d4 e4 5. d5 exf3 6. dxc6 bxc6 7. exf3 Bb4 8. Be2 Nf6 9. Qd3 0-0 10. 0-0 Re8 11. Be3 d5 12. Rfd1 Qe7 13. Bf1 Be6 14. Ne2 g6 15. Nd4 Bd7 16. a3 Bd6 17. b4 Nh5 18. g3 f4 19. Bd2 fxg3 20. hxg3 c5 21. bxc5 Bxc5 22. cxd5 Rad8 23. Rdc1 Bb6 24. Bc3 Qf7 25. Qc4 Bc8 26. Re1 Bb7 27. Rxe8+ Rxe8 28. Re1 Rxe1 29. Bxe1 Bxd5 30. Qd3 c5 31. Nb5 c4 32. Qc3 Nxg3 33. Nd6 Qe6 34. Nxc4 Nxf1 35. Nxb6 axb6 36. Kxf1 Bc4+ 37. Kg2 b5 38. Bd2 Qe2 39. Qd4 Qf1+ 40. Kh2 Qd3 41. Qf4 Qd7 42. Bb4 Be6 1-0

[Event "Managua Hurtado Memorial 16th"]
[Site "Managua"]
[Date "2016.12.30"]
[Round "9"]
[White "Pomarez Soza, Gerley Abraham"]
[Black "Ortiz, Heriberto"]
[Result "1/2-1/2"]
[WhiteElo "1800"]
[BlackElo "1880"]
[PlyCount "107"]
[EventDate "2016.12.26"]
[EventType "swiss"]
[EventRounds "9"]
[EventCountry "NCA"]
[SourceTitle "CBM 176 Extra"]
[Source "ChessBase"]
[SourceDate "2017.03.02"]
[SourceVersion "1"]
[SourceVersionDate "2017.03.02"]
[SourceQuality "1"]

1. e4 c5 2. Nf3 Nc6 3. Bb5 d6 4. 0-0 Bd7 5. Re1 g6 6. c3 Bg7 7. d4 cxd4 8. cxd4 Nf6 9. Nc3 0-0 10. h3 a6 11. Ba4 b5 12. Bb3 Rc8 13. e5 dxe5 14. dxe5 Ne8 15. e6 fxe6 16. Rxe6 Bxe6 17. Bxe6+ Kh8 18. Bxc8 Qxc8 19. Be3 Nf6 20. Qb3 Qb7 21. Ng5 Nd8 22. Rd1 h6 23. Rxd8 hxg5 24. Rxf8+ Bxf8 25. Qf7 Bg7 26. Qxg6 b4 27. Na4 Qd5 28. Qb1 b3 29. axb3 Qxb3 30. Nc5 Qb6 31. Ne4 Qb3 32. Nxg5 a5 33. Bd4 Kg8 34. Bc3 a4 35. Qd3 Qd5 36. Qxd5+ Nxd5 37. Bxg7 Kxg7 38. Ne6+ Kf6 39. Nc5 Nb6 40. Kf1 Ke5 41. Ke2 Kd4 42. Nd3 Nc4 43. Nc1 Nxb2 44. h4 Nc4 45. g4 Ke4 46. f3+ Ke5 47. Kd3 Nd6 48. Ne2 Kf6 49. Kc3 a3 50. Nc1 e6 51. Kb3 Nb5 52. Kb4 Nd4 53. Kxa3 Nxf3 54. h5 1/2-1/2

[Event "Managua Hurtado Memorial 16th"]
[Site "Managua"]
[Date "2016.12.28"]
[Round "4"]
[White "Pichardo, Carlos"]
[Black "Pomarez Soza, Gerley Abraham"]
[Result "1-0"]
[WhiteElo "1759"]
[BlackElo "1800"]
[PlyCount "101"]
[EventDate "2016.12.26"]
[EventType "swiss"]
[EventRounds "9"]
[EventCountry "NCA"]
[SourceTitle "CBM 176 Extra"]
[Source "ChessBase"]
[SourceDate "2017.03.02"]
[SourceVersion "1"]
[SourceVersionDate "2017.03.02"]
[SourceQuality "1"]

1. d4 Nf6 2. c4 g6 3. Nc3 Bg7 4. g3 0-0 5. Bg2 d6 6. e4 Nc6 7. Nge2 e5 8. d5 Ne7 9. 0-0 Nd7 10. Bg5 h6 11. Be3 f5 12. f4 fxe4 13. Bxe4 Nf6 14. Bg2 Nf5 15. Bd2 Ng4 16. Qc1 Qe7 17. h3 Nf6 18. Qe1 Re8 19. Rd1 exf4 20. Bxf4 Ne3 21. Bxe3 Qxe3+ 22. Qf2 Nh5 23. Kh2 Qxf2 24. Rxf2 Re3 25. Rf3 Rxf3 26. Bxf3 Nf6 27. Nb5 Ne8 28. b3 a6 29. Nbd4 Bxd4 30. Nxd4 Nf6 31. Re1 Kf7 32. Ne6 Bxe6 33. dxe6+ Ke7 34. Bxb7 Rb8 35. Bg2 a5 36. Re3 Rb6 37. g4 g5 38. Kg3 c6 39. h4 d5 40. cxd5 cxd5 41. hxg5 hxg5 42. Re5 a4 43. bxa4 Rb4 44. Rxg5 Rxa4 45. Bxd5 Nxd5 46. Rxd5 Rxa2 47. Re5 Ra6 48. Kf4 Rxe6 49. Rxe6+ Kxe6 50. Kg5 Kf7 51. Kh6 1-0

[Event "Managua Hurtado Memorial 16th"]
[Site "Managua"]
[Date "2016.12.27"]
[Round "3"]
[White "Pomarez Soza, Gerley Abraham"]
[Black "Velasquez, Rommel"]
[Result "0-1"]
[WhiteElo "1800"]
[BlackElo "1924"]
[PlyCount "96"]
[EventDate "2016.12.26"]
[EventType "swiss"]
[EventRounds "9"]
[EventCountry "NCA"]
[SourceTitle "CBM 176 Extra"]
[Source "ChessBase"]
[SourceDate "2017.03.02"]
[SourceVersion "1"]
[SourceVersionDate "2017.03.02"]
[SourceQuality "1"]

1. e4 c5 2. Nf3 e6 3. d4 cxd4 4. Nxd4 Nc6 5. c4 Nf6 6. Nc3 Bb4 7. Nxc6 dxc6 8. Qxd8+ Kxd8 9. f3 e5 10. Bd2 Be6 11. 0-0-0 Kc7 12. a3 Bc5 13. b4 Bd4 14. Ne2 Bf2 15. Nc3 b5 16. Be1 Bxe1 17. Rxe1 bxc4 18. Rd1 Rhd8 19. Be2 Rd4 20. Rd2 Rad8 21. Rhd1 h5 22. b5 Rxd2 23. Rxd2 Rxd2 24. Kxd2 Nd7 25. bxc6 Kxc6 26. Na4 f6 27. Kc3 Kb5 28. Nb2 Nb6 29. Bd1 g6 30. Be2 f5 31. Bd1 Nc8 32. Bc2 Nd6 33. Kd2 Kc5 34. Na4+ Kd4 35. Nc3 Bd7 36. Ne2+ Kc5 37. Nc3 Bc6 38. Ke3 fxe4 39. fxe4 Nb5 40. Nxb5 Bxb5 41. Bb1 Ba4 42. Ba2 Bc2 43. g3 g5 44. h3 a5 45. h4 gxh4 46. gxh4 Bd3 47. Kf3 Kd4 48. Kf2 Kc3 0-1

[Event "Managua Ramirez de Arellano Memorial"]
[Site "Managua"]
[Date "2016.07.30"]
[Round "7"]
[White "Lopez Lopez, Manuel"]
[Black "Pomarez Soza, Gerley Abraham"]
[Result "0-1"]
[WhiteElo "1342"]
[BlackElo "1830"]
[PlyCount "54"]
[EventDate "2016.07.16"]
[EventType "swiss"]
[EventRounds "9"]
[EventCountry "NCA"]
[SourceTitle "EXT 2018"]
[Source "ChessBase"]
[SourceDate "2017.10.13"]
[SourceVersion "1"]
[SourceVersionDate "2017.10.13"]
[SourceQuality "1"]

1. e4 e5 2. Nf3 Nc6 3. Nc3 Nf6 4. Bc4 Nxe4 5. Bxf7+ Kxf7 6. Nxe4 d5 7. Neg5+ Kg8 8. d3 h6 9. Nh3 Qf6 10. c3 Bg4 11. Nhg1 e4 12. dxe4 dxe4 13. Qb3+ Be6 14. Qxb7 exf3 15. Qxc6 Qe5+ 16. Be3 Bd5 17. Nxf3 Qxe3+ 18. fxe3 Bxc6 19. 0-0-0 Bd6 20. Nh4 g5 21. Nf5 Bxg2 22. Rhg1 Bf3 23. Rdf1 Bxh2 24. Ne7+ Kf7 25. Rxf3+ Kxe7 26. Rh1 Bd6 27. e4 Raf8 0-1

[Event "Managua Ramirez de Arellano Memorial"]
[Site "Managua"]
[Date "2016.07.17"]
[Round "3"]
[White "Pomarez Soza, Gerley Abraham"]
[Black "Granados Ortiz, Fidel"]
[Result "0-1"]
[WhiteElo "1830"]
[BlackElo "1956"]
[PlyCount "86"]
[EventDate "2016.07.16"]
[EventType "swiss"]
[EventRounds "9"]
[EventCountry "NCA"]
[SourceTitle "EXT 2018"]
[Source "ChessBase"]
[SourceDate "2017.10.13"]
[SourceVersion "1"]
[SourceVersionDate "2017.10.13"]
[SourceQuality "1"]

1. e4 Nf6 2. e5 Nd5 3. d4 d6 4. c4 Nb6 5. exd6 cxd6 6. Be3 g6 7. Nc3 Bg7 8. Rc1 0-0 9. Be2 Nc6 10. b3 e5 11. dxe5 dxe5 12. c5 Nd7 13. Ne4 Nd4 14. Bc4 Nf5 15. Bg5 Qa5+ 16. Bd2 Qc7 17. Bb4 Nb8 18. Nd6 Nc6 19. Bc3 Ncd4 20. Nxf5 Bxf5 21. Ne2 Rad8 22. Bxd4 exd4 23. Bd3 Bxd3 24. Qxd3 Qa5+ 25. Qd2 Qxd2+ 26. Kxd2 Bh6+ 27. f4 d3 28. Nc3 Bxf4+ 29. Kd1 Bxc1 30. Kxc1 Rfe8 31. Kd2 Re5 32. b4 Rf5 33. Ne4 Re5 34. Nd6 Re2+ 35. Kxd3 Rxg2 36. Kc4 Rd7 37. a4 Rd2 38. Ne8 R7d4+ 39. Kc3 R2d3+ 40. Kc2 Ra3 41. a5 Rxb4 42. Nf6+ Kg7 43. Nd5 Rg4 0-1